Populism and globalization: the return of nationalism and the global liberal order (Record no. 1228479)

MARC details
000 -LEADER
fixed length control field 00728nam a2200217Ia 4500
005 - DATE AND TIME OF LATEST TRANSACTION
control field 20241129111012.0
008 - FIXED-LENGTH DATA ELEMENTS--GENERAL INFORMATION
fixed length control field 241129s9999||||xx |||||||||||||| ||und||
020 ## - INTERNATIONAL STANDARD BOOK NUMBER
International Standard Book Number 978-3-030-78323-5
037 ## - SOURCE OF ACQUISITION
Stock number TB
040 ## - CATALOGING SOURCE
Original cataloging agency CRL
Language of cataloging eng
Transcribing agency CRL
041 ## - LANGUAGE CODE
Language code of text/sound track or separate title eng
Source of code eng
084 ## - COLON CLASSIFICATION NUMBER
Classification number W94 R1
Assigning agency CRL
100 ## - MAIN ENTRY--PERSONAL NAME
Personal name Mansbach Richard W. Au.; Ferguson Yale H. Au.
9 (RLIN) 723121
245 #0 - TITLE STATEMENT
Title Populism and globalization: the return of nationalism and the global liberal order
Statement of responsibility, etc. Mansbach Richard W. Au.; Ferguson Yale H. Au.
260 ## - PUBLICATION, DISTRIBUTION, ETC.
Place of publication, distribution, etc. Cham, Switzerland
Name of publisher, distributor, etc. Palgrave Macmillan
Date of publication, distribution, etc. 2021
300 ## - PHYSICAL DESCRIPTION
Extent xiv,529p.l
365 ## - TRADE PRICE
Price type code EURO
Price amount 69.99
650 ## - SUBJECT ADDED ENTRY--TOPICAL TERM
Topical term or geographic name entry element Political ScienceNationality
9 (RLIN) 726285
942 ## - ADDED ENTRY ELEMENTS (KOHA)
Koha item type Textbook
Classification part W94 R1
Holdings
Withdrawn status Lost status Damaged status Not for loan Home library Current library Date acquired Source of acquisition Cost, normal purchase price Inventory number Total Checkouts Full call number Barcode Date last seen Price effective from Koha item type
        Central Library Central Library 2024-11-29 Shivam Book Service 69.99 140 & 30/01/2023   W94 R1 CL1679277 2024-11-29 2024-11-29 Textbook
Copyright @ Delhi University Library System